Forecasting for economics and business / (Registro nro. 12302)

Detalles MARC
000 -LEADER
fixed length control field 01040cam a2200265 a 4500
003 - CONTROL NUMBER IDENTIFIER
control field OSt
005 - DATE AND TIME OF LATEST TRANSACTION
control field 20210824150000.0
008 - FIXED-LENGTH DATA ELEMENTS--GENERAL INFORMATION
fixed length control field 141021s2013 xxuad fr 001 0 eng
020 ## - INTERNATIONAL STANDARD BOOK NUMBER
International Standard Book Number 9780131474932
020 ## - INTERNATIONAL STANDARD BOOK NUMBER
International Standard Book Number 0131474936
040 ## - CATALOGING SOURCE
Original cataloging agency CO-BoUCM
Language of cataloging spa
Transcribing agency CO-JMCR
041 0# - LANGUAGE CODE
Language code of text/sound track or separate title eng
082 04 - DEWEY DECIMAL CLASSIFICATION NUMBER
Classification number 338.544 /
Item number G643f
Edition number 23
100 1# - MAIN ENTRY--PERSONAL NAME
Personal name González-Rivera, Gloria,
Relator term author
9 (RLIN) 65428
245 10 - TITLE STATEMENT
Title Forecasting for economics and business /
Statement of responsibility, etc. Gloria Gonzalez-Rivera
260 ## - PUBLICATION, DISTRIBUTION, ETC.
Place of publication, distribution, etc. Boston (Massachusetts, Estados Unidos) :
Name of publisher, distributor, etc. Pearson,
Date of publication, distribution, etc. 2013.
300 ## - PHYSICAL DESCRIPTION
Extent xxii, 490 pages
Other physical details black and white illustrations and graphics ;
Dimensions 24 cm.
490 1# - SERIES STATEMENT
Series statement The Pearson series in economics
504 ## - BIBLIOGRAPHY, ETC. NOTE
Bibliography, etc. note Includes bibliographic references and indexes and glossary.
505 0# - FORMATTED CONTENTS NOTE
Formatted contents note Statistic and time series. -- Modeling linear dependence forecasting with time series models. -- Modeling more complex dependence.
650 14 - SUBJECT ADDED ENTRY--TOPICAL TERM
Topical term or geographic name entry element Previsión económica
9 (RLIN) 22564
650 24 - SUBJECT ADDED ENTRY--TOPICAL TERM
Topical term or geographic name entry element Economic forecasting
Geographic subdivision United States.
9 (RLIN) 37685
690 ## - LOCAL SUBJECT ADDED ENTRY--TOPICAL TERM (OCLC, RLIN)
9 (RLIN) 42795
Topical term or geographic name as entry element Economa̕
942 ## - ADDED ENTRY ELEMENTS (KOHA)
Source of classification or shelving scheme Dewey Decimal Classification
Koha item type Books
Existencias
Withdrawn status Lost status Source of classification or shelving scheme Damaged status Not for loan Home library Current library Shelving location Date acquired Source of acquisition Total Checkouts Full call number Barcode Date last seen Date last checked out Copy number Price effective from Koha item type
    Dewey Decimal Classification     Biblioteca Pública José María del Castillo y Rada Biblioteca Pública José María del Castillo y Rada General Stacks 04/15/2018 Donación 1 338.544 / G643f 430000473 11/20/2025 11/20/2025 Ej.1 03/10/2021 Books